Quizzes
Events
Quiz Creation
Community
Videos
Private Events
Remove Ads
Sign In
Join for FREE
Feedback
Dark Mode
Quiz Categories
Sports
Geography
Music
Movies
Television
Just For Fun
Miscellaneous
History
Literature
Language
Science
Gaming
Entertainment
Religion
Holiday
For Kids
Quiz Lab
Recent
Popular Today
Quiz Kudos Today
Editor Picks
Curator Picks
Quizzes by...
Day
Popularity
Type
Ratings
Length
Year
Community
Subscriptions
Recent Discussions
Orange Saloon
Badges
Playlists
Quests
Create
Leaderboards
Showdown
Live 5
Trivia Bingo
Activity
Puzzle Library
Sporcle Events
Private Events
Virtual Trivia
Globe League
Become a Host
Pub Owners
SporcleCon
Opinionation
Our Games
Videos
Blog
Mobile Apps
Partnerships
Remove Ads and Go Orange
Feedback
Television
TV Characters
TV Show
Sitcom
Network
Friends
Reality Shows
Cast
South Park
Star Trek
The Simpsons
Doctor Who
Television
TV Characters
TV Show
Sitcom
Network
Friends
Reality Shows
Cast
South Park
Star Trek
The Simpsons
Doctor Who
Random Quiz
Search Sporcle
×
Quiz Lab
Quiz Lab
Television
Actor
Type in answers that appear in a list
Type in answers that appear in a list
Classic
Best Score? Go Orange.
GRIMM CHARACTERS (TV Series) Stats
Can you name the GRIMM CHARACTERS (TV Series) Based on the actors that play them and a small hint??
By
Trueblood777
5m
12 Questions
2,217 Plays
2,217 Plays
2,217 Plays
Comments
Comments
Give Quiz Kudos
Give Quiz Kudos
-
- Ratings
hide this ad
Replay
Link that replays current quiz
Next Quiz
Link to next quiz in quiz playlist
You Got
0%
They Got
Avg Score
77%
Avg Friend Score
Upgrade to see
Score Distribution
Jump to the score distribution portion of the page
Score
0/12
Timer
05:00
0
Plays Today
Actor (Clue)
Character
% Correct
David Giuntoli (Grimm, Detective)
Nick Burkhardt
98.9%
Russell Hornsby (Detective)
Hank Griffin
94.1%
Silas Weir Mitchell ( Wider Blutbad)
Eddie Monroe
93%
Bitsie Tulloch (Girlfriend)
Juliette Silverton
92.1%
Sasha Roiz (Captain)
Sean Renard
84.3%
Reggie Lee (Cop)
Sgt. Wu
83.6%
Claire Coffee (Ex-
Hexenbiest)
Adalind Schade
77.6%
Bree Turner (Fuchsbau)
Rosalee Calvert
75.9%
Danny Bruno (Refridgerator Repairman,Eisbiber)
Bud
67.2%
Kate Burton (Grimm, Deceased)
Marie Kessler
66.4%
Mary Elizabeth Mastrantonio (Mother, Grimm)
Kelly Burkhardt
64.8%
Jesica Tuck (Mother, Hexenbiest)
Catherine Schade
37.3%
Quiz Playlist
Details
Report
Send in Message
Add To Playlist
Classic:
Type in answers that appear in a list
Last Updated: Jul 10, 2017
Quiz Scoreboard
CHALLENGE
Sign Up to Join the Scoreboard
Show All
Scores
Hide
Comments
May contain spoilers
Recently Published
Movies - When Are They Set?
by FPL_Elf
Movies
5m
Popular People in 1961
by mucciniale
History
6m
1-10 Letter E Words III
by El_Dandy
Language
2m
More to Explore
Quiz From the Vault
Featured Blog Post
Where Did the Easter Bunny Come From?
hide this ad
You Might Also Like...
Tags
Actor Quiz
Play Quiz
Character
grimm
small
Today's Top Quizzes in Television
Browse Television
hide this ad
Today's Top Quizzes in Actor
Browse Actor
Top Contributed Quizzes in Television
1
One Piece Logic Puzzle
2
Survivor Logic Puzzle: Heroes vs. Villains
3
Survivor Seasons
4
Survivor Season by Logo
5
Survivor Trivia
6
One Thing in Common: Television
7
Who Wants to Be a Millionaire?
8
Survivor Logic Puzzle: Winners at War
9
Ultimate Survivor Logic Puzzle
10
Phoebe Buffay Quotes
Explore More
Trending Topics
Kpop
Anime
Disney
NBA
Crossword
Marvel
Harry Potter
Country
Puzzle
The Office
NFL
Song
WWE
Soccer
Pokémon
hide this ad
More By:
Trueblood777
Quiz
Plays
Rating
Category
Featured
Created
'Glee' Couples
28,405
2.00
Television
Jan 30, 2012
True Blood Characters (Clickable)
17,380
2.76
Television
Apr 26, 2012
GLEE SURNAMES (Clickable)
14,261
3.25
Television
May 1, 2012
BUFFY the VAMPIRE SLAYER characters (clickable)
4,403
2.00
Television
Apr 26, 2012
GRIMM WESEN (TV Series)
3,223
5.00
Television
Apr 18, 2012
Go to Creator's Profile
Score Distribution
Quiz Creator Spotlight
Trueblood777
Follow
Send a Message
Quizzes Created
-
Created Quiz Play Count
-
More By This Creator
Popular Quizzes Today
1
Find the Countries of Europe - No Outlines Minefield
2
Find the US States - No Outlines Minefield
3
The Countries of the World
4
Popular People in 1961
5
1-10 Letter E Words III
6
US States
7
Find the US States
8
One Thing in Common: World Cities II
More Television Quizzes
What's that Marvel TV show?
Quiz Lab
Trending Quizzes
Risky Map Clicking: Least Populous States A-Z
1-10 Letter F Words
Humor Books: The Subtitles
1-10 Letter G Words
One Thing in Common: United Kingdom
Recently Updated
Leaping Animals
pecheneg
Reality TV Shows (A-Z)
bhenderson79
Rickey Henderson's Hall of Fame Teammates
pecheneg
Champions League XIs: Arsenal
pecheneg
Quick Pick: Celebrities in WWE's Hall of Fame
aduchscher
A-Z Keypad Blitz II
pecheneg
Multiple Oscar Actors
pecheneg
Mystery Phrase Blitz: Oscar 'Best Actors'
pecheneg
F. Scott Fitzgerald Novels
LTH
Pick 3 Villains
ddd62291
Trending Topics
Kpop
Marvel
Crossword
Anime
Disney
NBA
Harry Potter
The Office
Song
NFL
Pokémon
Soccer
WWE
Country
Puzzle
Your Account Isn't Verified!
In order to create a playlist on Sporcle, you need to verify the email address you used during registration. Go to your
Sporcle Settings
to finish the process.
Report this User
Report this user for behavior that violates our
Community Guidelines
.
Details:
Send Report
Go to the Sporcle.com Mobile Site →
Comments